Dictionnaire latin-francais
Salvato in:
| Autore principale: | |
|---|---|
| Natura: | Libro |
| Lingua: | latino francese |
| Pubblicazione: |
París
Librairie de París
1890
|
| Soggetti: | |
| Tags: |
Aggiungi Tag
Nessun Tag, puoi essere il primo ad aggiungerne!!
|
MARC
| LEADER | 00000nam a2200000 a 4500 | ||
|---|---|---|---|
| 001 | UCT3483 | ||
| 003 | CL-VaPUC | ||
| 008 | 961024e18900000FR |||||||||||||||||lat|d | ||
| 041 | 0 | 7 | |a lat |2 CL-VaPUC |
| 041 | 0 | 7 | |a fre |2 CL-VaPUC |
| 082 | 0 | 4 | |a 473.40 |b THE |2 21 |
| 100 | 0 | |a Theil, M |e author |9 372413 | |
| 245 | 1 | 0 | |a Dictionnaire latin-francais |
| 300 | |a 1693 p | ||
| 942 | |c BK | ||
| 945 | |d 19961024 00:00:00 |a paguirre | ||
| 260 | |a París |b Librairie de París |c 1890 | ||
| 650 | 0 | |a Diccionarios |9 256200 | |
| 650 | 7 | |a FRANCES |2 CL-VaPUC |9 259059 | |
| 650 | 0 | |a Latín |9 269544 | |
| 650 | 7 | |a TERMINOLOGIA |2 CL-VaPUC |9 254881 | |
| 650 | 0 | |a Glosarios |9 261047 | |
| 583 | |a last modification |c 19961024 00:00:00 |k Rodrigo Vera | ||
| 999 | |c 253114 |d 253112 | ||